000 00486nam a2200169Ia 4500
005 20250923144505.0
008 008 250917s9999 xx 000 0 eng d
037 _aTextual
040 _aDSWL
_beng
_cDSWL
041 _aeng
_2eng
084 _qDSWL
245 0 _aReport of the proceedings
_cbyInternational Study Conference on Child Welfare
260 _aGeneva
_bInternational Union for Child Welfare
_c1953
300 _ax,266p.
942 _cTEXL
999 _c1439578
_d1439578